00453nam a2200193 a 4500001001300000003000900013005001700022008004100039020001000080082001500090100001800105245001100123260004500134300000900179500003500188505001000223650000800233700001800241nice12345678IN_TiNIC20260116011916.0050524s1876 lona grp 000 0 eng  ac10000a211.3bFLI aFlint, Robert aTheism aLondonbWilliam Blackwood and Sonsc1876 a454p aincludes index and biblioraphy2 aIndex aGod1 aFlint, Robert